00297nam a2200133Ia 4500008004100000041000800041082000800049100002100057245003400078260001400112300000800126542001500134650001400149220531s9999 xx 000 0 und d aeng bNAR aNarasaiah, M. L. aUrbanisation And Human Rights bDPHc2007 a137 d03-12-2007 aSociology